| 000 -LEADER |
| fixed length control field |
00388nam a22001451a 4500 |
| 082 ## - DEWEY DECIMAL CLASSIFICATION NUMBER |
| Classification number |
M1 |
| Item number |
KRI/N |
| 100 ## - MAIN ENTRY--PERSONAL NAME |
| Personal name |
Krishnan Unni N D |
| 9 (RLIN) |
67624 |
| 245 ## - TITLE STATEMENT |
| Title |
Nattuvelicham/ |
| Statement of responsibility, etc. |
by Krishnan Unni N D |
| 260 ## - PUBLICATION, DISTRIBUTION, ETC. |
| Place of publication, distribution, etc. |
Pookunnam: |
| Name of publisher, distributor, etc. |
Krishnan Unni N D, |
| Date of publication, distribution, etc. |
1982. |
| 300 ## - PHYSICAL DESCRIPTION |
| Extent |
210p. |
| 650 ## - SUBJECT ADDED ENTRY--TOPICAL TERM |
| Topical term or geographic name entry element |
Poetry Malayalam |
| 9 (RLIN) |
67625 |
| 650 ## - SUBJECT ADDED ENTRY--TOPICAL TERM |
| Topical term or geographic name entry element |
Literature Malayalam |
| 9 (RLIN) |
67626 |
| 650 ## - SUBJECT ADDED ENTRY--TOPICAL TERM |
| Topical term or geographic name entry element |
Literature |
| 9 (RLIN) |
67627 |
| 942 ## - ADDED ENTRY ELEMENTS (KOHA) |
| Koha item type |
Book |